| 000 | 003370000a22001450004500 | ||
|---|---|---|---|
| 003 | MACL | ||
| 040 | _aMACL | ||
| 090 |
_c43332 _d43330 |
||
| 100 | _aKnight, E F | ||
| 245 |
_aWhere Three Empires Meet _bTravel in Kashmir Tibet and Gilgit |
||
| 260 |
_bGulshan Books _c2007 |
||
| 350 | _a1050 | ||
| 650 | _aTravel | ||
| 942 |
_cBOOK _k910/KNI |
||
| 999 |
_c42877 _d42877 |
||